<?xml version="1.0" encoding="UTF-8"?>
<record
    xmlns:xsi="http://www.w3.org/2001/XMLSchema-instance"
    xsi:schemaLocation="http://www.loc.gov/MARC21/slim http://www.loc.gov/standards/marcxml/schema/MARC21slim.xsd"
    xmlns="http://www.loc.gov/MARC21/slim">

  <leader>00372nam a22001097a 4500</leader>
  <controlfield tag="008">151102b        xxu||||| |||| 00| 0 eng d</controlfield>
  <datafield tag="020" ind1=" " ind2=" ">
    <subfield code="a">16086287.</subfield>
  </datafield>
  <datafield tag="082" ind1=" " ind2=" ">
    <subfield code="a">634.9 OKW</subfield>
  </datafield>
  <datafield tag="100" ind1=" " ind2=" ">
    <subfield code="a">OKWI, PAUL OKIIRA</subfield>
    <subfield code="c">OKWI, PAUL OKIIRA AND KAIJA, DARLISON </subfield>
  </datafield>
  <datafield tag="245" ind1=" " ind2=" ">
    <subfield code="a">VALUING TROPICAL GRASSLANDS:</subfield>
    <subfield code="b">THE CASE OF OVERSTOCKING IN NORTHEASTERN UGANDA</subfield>
  </datafield>
  <datafield tag="260" ind1=" " ind2=" ">
    <subfield code="a">ADDIS ABABA:</subfield>
    <subfield code="b">OSSREA.,</subfield>
    <subfield code="c">2002.</subfield>
  </datafield>
  <datafield tag="999" ind1=" " ind2=" ">
    <subfield code="c">3849</subfield>
    <subfield code="d">3849</subfield>
  </datafield>
  <datafield tag="952" ind1=" " ind2=" ">
    <subfield code="0">0</subfield>
    <subfield code="1">0</subfield>
    <subfield code="2">ddc</subfield>
    <subfield code="4">0</subfield>
    <subfield code="6">634_900000000000000_OKW</subfield>
    <subfield code="7">-1</subfield>
    <subfield code="9">5831</subfield>
    <subfield code="a">1000</subfield>
    <subfield code="b">1000</subfield>
    <subfield code="c">Ground Floor </subfield>
    <subfield code="d">2015-11-02</subfield>
    <subfield code="l">0</subfield>
    <subfield code="o">634.9 OKW</subfield>
    <subfield code="p">000000005378</subfield>
    <subfield code="r">2019-07-29</subfield>
    <subfield code="w">2015-11-02</subfield>
    <subfield code="y">BOOKS</subfield>
  </datafield>
</record>
